| Current Events - U.S. | 2 | 10.00 | 100% | 0% | 0% |
| Current Events - World | 2 | 20.00 | 100% | 100% | 0% |
| Fine Arts - Film | 2 | 10.00 | 100% | 0% | 0% |
| Fine Arts - Jazz | 1 | 10.00 | 100% | 0% | 0% |
| Fine Arts - Miscellaneous | 2 | 20.00 | 100% | 100% | 0% |
| Fine Arts - Music | 8 | 17.50 | 88% | 63% | 25% |
| Fine Arts - Opera | 1 | 20.00 | 100% | 100% | 0% |
| Fine Arts - Painting | 6 | 20.00 | 100% | 67% | 33% |
| Fine Arts - Photography | 1 | 0.00 | 0% | 0% | 0% |
| Fine Arts - Sculpture | 3 | 20.00 | 100% | 67% | 33% |
| Geography - Europe | 2 | 30.00 | 100% | 100% | 100% |
| Geography - United States | 1 | 20.00 | 100% | 100% | 0% |
| Geography - World | 2 | 10.00 | 100% | 0% | 0% |
| History - American | 9 | 20.00 | 89% | 89% | 22% |
| History - Cross, Historiography, and Miscellaneous | 8 | 16.25 | 88% | 63% | 13% |
| History - European | 11 | 18.18 | 100% | 73% | 9% |
| History - World | 12 | 20.00 | 100% | 83% | 17% |
| Literature - American | 10 | 24.00 | 90% | 100% | 50% |
| Literature - British | 8 | 23.75 | 100% | 100% | 38% |
| Literature - European | 9 | 23.33 | 100% | 89% | 44% |
| Literature - World and Miscellaneous | 8 | 26.25 | 100% | 100% | 63% |
| Other - Other Academic and General Knowledge | 8 | 16.25 | 63% | 75% | 25% |
| RMP - Christian Practice | 2 | 20.00 | 100% | 50% | 50% |
| RMP - Greco-Roman Mythology | 3 | 23.33 | 100% | 67% | 67% |
| RMP - New Testament | 1 | 20.00 | 100% | 100% | 0% |
| RMP - Philosophy | 7 | 20.00 | 100% | 57% | 43% |
| RMP - World Mythology | 7 | 21.43 | 100% | 86% | 29% |
| Science - Astronomy | 1 | 20.00 | 100% | 100% | 0% |
| Science - Biology | 9 | 23.33 | 89% | 100% | 44% |
| Science - Chemistry | 6 | 15.00 | 83% | 33% | 33% |
| Science - Computer Science | 1 | 10.00 | 100% | 0% | 0% |
| Science - Earth | 3 | 20.00 | 100% | 67% | 33% |
| Science - Engineering and Miscellaneous | 1 | 20.00 | 100% | 0% | 100% |
| Science - Math | 3 | 16.67 | 100% | 67% | 0% |
| Science - Physics | 8 | 16.25 | 88% | 50% | 25% |
| Social Science - Anthropology | 1 | 20.00 | 100% | 100% | 0% |
| Social Science - Economics | 2 | 20.00 | 100% | 100% | 0% |
| Social Science - Linguistics | 1 | 20.00 | 100% | 100% | 0% |
| Social Science - Other | 1 | 0.00 | 0% | 0% | 0% |
| Social Science - Psychology | 3 | 16.67 | 100% | 67% | 0% |
| Social Science - Sociology | 2 | 15.00 | 100% | 50% | 0% |